[Event "US Open-113"]
[Site "Vancouver"]
[Date "2012.08.05"]
[Round "3"]
[White "Vogt, Nathan"]
[Black "Schmakel, Sam A"]
[Result "0-1"]
[WhiteElo "2035"]
[BlackElo "2244"]
[PlyCount "74"]
[EventDate "2012.08.04"]
[EventType "swiss"]
[EventRounds "9"]
[EventCountry "USA"]
[SourceTitle "CBM 149 Extra"]
[Source "ChessBase"]
[SourceDate "2012.08.24"]
[SourceVersion "1"]
[SourceVersionDate "2012.08.24"]
[SourceQuality "1"]

1. e4 c5 2. Nf3 d6 3. d4 cxd4 4. Nxd4 Nf6 5. Nc3 a6 6. Be2 e5 7. Nf3 h6 8. Be3 Be6 9. 0-0 Nbd7 10. Qd2 Rc8 11. Bd3 Be7 12. Rad1 Qc7 13. Rfe1 Nc5 14. h3 0-0 15. Bxc5 Qxc5 16. Nh4 Qc7 17. Qe2 g6 18. Qe3 Kg7 19. Nf3 Nh5 20. Nd5 Bxd5 21. exd5 Nf4 22. c4 Nxd3 23. Rxd3 Qxc4 24. Nd2 Qxa2 25. Qb6 Rc2 26. Qxb7 Rxb2 27. Qxe7 Rxd2 28. Rf3 Qxd5 29. Qf6+ Kg8 30. Rg3 Ra8 31. h4 h5 32. Ree3 Rd1+ 33. Kh2 Rd4 34. Rg5 Rxh4+ 35. Kg3 Rg4+ 36. Rxg4 hxg4 37. f4 Qd4 0-1